Statistiques concernant Arrow tous les couples

Cliquez ici pour prendre le quiz!

Statistiques générales

  • Ce quiz a été pris 345 fois
    (47 depuis la dernière actualisation)
  • Le résultat moyen est 11 sur 36

Statistiques - réponses

HintRéponse% Correct
Sara Lance
100%
Laurel Lance
97%
OliverFelicity Smoak
94%
TheaRoy Harper
76%
Donna Smoak
65%
MoiraRobert Queen
65%
LaurelTommy Merlyn
65%
Malcolm Merlyn
59%
FelicityRay Palmer
59%
Helena Bertinelli
53%
QuentinDinah Lance
44%
SaraNyssa Raatko
35%
Walter Steeves
35%
Shado
26%
JohnLyla Michaels
21%
McKenna Haul
21%
Samantha Clayton
21%
CurtisPaul
15%
Billy Malone
12%
DonnaNoah Kuttler
12%
Susan Williams
12%
DinahVincent Sobel
12%
AndyCarly Diggle
9%
Carly Diggle
9%
RayAnna Loring
6%
RenéLaura Ramirez
6%
MalcolmRebecca Merlyn
6%
Alex Davies
3%
Amina Raatko
3%
Cooper Seldon
3%
AdrianDoris Chase
3%
Carrie CutterJesse Rucket
3%
Amanda WestfieldJustin Claybourne
3%
HelenaMichael Stanton
3%
Nick Anastas
3%
Nyssa Raatko
3%

Distribution des résultats

Percentile par nombre de réponses

% des personnes avec chaque résultat

Votre développement - résultats

Vous n’avez pas pris ce quiz depuis la dernière actualisation